000 01162nam a2200289 u 4500
001 000032848
003 DO-SdBNP
005 20260321073642.0
008 100813s1971 dr 000 0 spa d
040 _aDO-SdBNP
_bspa
_cBNPHU
082 4 _a320.531
_bJ61a
100 1 _aJimenes Grullón, Juan Isidro,
_d1903-1983
_92482
245 1 3 _aLa América Latina y la revolución socialista :
_banálisis de la tesis "Dictadura con respaldo popular" y sus ampliaciones, de Juan Bosch /
_cJuan Isidro Jimenes Grullón.
260 _aSanto Domingo :
_bCultural Dominicana,
_c1971.
300 _av. ;
_c21 cm.
500 _aLa biblioteca posee el v.1.
504 _aIncluye referencias bibliográficas y notas al pie de páginas.
590 _aPerteneció a la biblioteca personal de Juan Isidro Jimenes-Grullón
590 _aInventariado, 2018/ YL
600 1 0 _a Bosch, Juan,
_d1909-2001
_976555
650 4 _aSocialismo en América Latina
_923224
650 4 _aOligarquía
_9596
650 0 _aClases sociales
_zAmérica Latina
_91062
651 4 _aAmérica Latina
_xPolítica y gobierno
_92618
910 _aValidado. Control de calidad EMS
942 _2ddc
_cLBS1
999 _c32339
_d32339